Инновационное развитие России: возможности, проблемы, перспективы: коллективная монография

Bibliographic Details
Corporate Author: Национальный исследовательский Томский политехнический университет (ТПУ) Юргинский технологический институт (филиал) (ЮТИ) Кафедра экономики и автоматизироанных систем управления (ЭАСУ)
Other Authors: Бодункова А. Г. Анна Григорьевна, Джабиева А. В. Алана Виссарионовна, Калинина И. А. Ирина Анатольевна, Ключникова О. В. Ольга Владимировна, Масленников В. В. Валерий Владимирович, Позмогов А. И. Анатолий Иванович, Столярова Е. В. Елена Владимировна, Суздалова М. А. Марина Анатольевна, Сушко А. В. Анастасия Викторовна, Черная И. П. Ирина Петровна, Чигров А. С. Александр Сергеевич, Чернопятов А. М. Александр Михайлович, Шулимова А. А. Анна Анатольевна, Толстолесова Л. А. Людмила Анатольевна
Summary:Заглавие с титульного экрана
Монография посвящена исследованию процессов инновационного развития на уровне страны в целом, ее отдельных регионов, отраслей, сфер деятельности, предприятий и организаций. Рассмотрены возможности инновационного развития страны как условия повышения ее конкурентоспособности, отражены отраслевые и региональные особенности, выявлены основные проблемы и перспективы инновационного развития России. Для научных работников и широкого круга специалистов в области инновационной деятельности, инвестирования в инновации, а также для преподавателей, аспирантов, магистрантов и студентов вузов экономического профиля.
Режим доступа: по договору с организацией-держателем ресурса
Language:Russian
Published: Новосибирск, Изд-во СибАК, 2015
Subjects:
Online Access:http://sibac.info/mono/econom/46807
http://elibrary.ru/item.asp?id=24909634
Format: Electronic Book
KOHA link:https://koha.lib.tpu.ru/cgi-bin/koha/opac-detail.pl?biblionumber=648158

MARC

LEADER 00000nlm0a2200000 4500
001 648158
005 20231102025551.0
035 |a (RuTPU)RU\TPU\network\13315 
090 |a 648158 
100 |a 20160512d2015 k y0rusy50 ca 
101 0 |a rus 
102 |a RU 
105 |a a z 001zy 
135 |a drcn ---uucaa 
181 0 |a i  
182 0 |a b 
200 1 |a Инновационное развитие России: возможности, проблемы, перспективы  |e коллективная монография  |f А. Г. Бодункова [и др.]  |g гл. ред. Л. А. Толстолесова 
203 |a Текст  |c электронный 
210 |a Новосибирск  |c Изд-во СибАК  |d 2015 
300 |a Заглавие с титульного экрана 
330 |a Монография посвящена исследованию процессов инновационного развития на уровне страны в целом, ее отдельных регионов, отраслей, сфер деятельности, предприятий и организаций. Рассмотрены возможности инновационного развития страны как условия повышения ее конкурентоспособности, отражены отраслевые и региональные особенности, выявлены основные проблемы и перспективы инновационного развития России. Для научных работников и широкого круга специалистов в области инновационной деятельности, инвестирования в инновации, а также для преподавателей, аспирантов, магистрантов и студентов вузов экономического профиля. 
333 |a Режим доступа: по договору с организацией-держателем ресурса 
606 1 |a Инновационная экономика  |2 stltpush  |3 (RuTPU)RU\TPU\subj\67863  |9 83511 
610 1 |a электронный ресурс 
610 1 |a труды учёных ТПУ 
610 1 |a инновационное развитие 
610 1 |a монографии 
686 |a У9(2)0-551  |2 rubbk 
701 1 |a Бодункова  |b А. Г.  |g Анна Григорьевна 
701 1 |a Джабиева  |b А. В.  |g Алана Виссарионовна 
701 1 |a Калинина  |b И. А.  |g Ирина Анатольевна 
701 1 |a Ключникова  |b О. В.  |g Ольга Владимировна 
701 1 |a Масленников  |b В. В.  |g Валерий Владимирович 
701 1 |a Позмогов  |b А. И.  |g Анатолий Иванович 
701 1 |a Столярова  |b Е. В.  |g Елена Владимировна 
701 1 |a Суздалова  |b М. А.  |c социолог  |c доцент Юргинского технологического института Томского политехнического университета, кандидат педагогических наук  |f 1963-  |g Марина Анатольевна  |2 stltpush  |3 (RuTPU)RU\TPU\pers\30112  |9 14518 
701 1 |a Сушко  |b А. В.  |c экономист  |c ассистент кафедры Юргинского технологического института Томского политехнического университета  |f 1982-  |g Анастасия Викторовна  |2 stltpush  |3 (RuTPU)RU\TPU\pers\32579  |9 16500 
701 1 |a Черная  |b И. П.  |g Ирина Петровна 
701 1 |a Чигров  |b А. С.  |g Александр Сергеевич 
701 1 |a Чернопятов  |b А. М.  |g Александр Михайлович 
701 1 |a Шулимова  |b А. А.  |g Анна Анатольевна 
702 1 |a Толстолесова  |b Л. А.  |g Людмила Анатольевна  |4 651 
712 0 2 |a Национальный исследовательский Томский политехнический университет (ТПУ)  |b Юргинский технологический институт (филиал) (ЮТИ)  |b Кафедра экономики и автоматизироанных систем управления (ЭАСУ)  |h 360  |2 stltpush  |3 (RuTPU)RU\TPU\col\18900 
801 1 |a RU  |b 63413507  |c 20160512 
801 2 |a RU  |b 63413507  |c 20160622  |g RCR 
856 4 |u http://sibac.info/mono/econom/46807 
856 4 |u http://elibrary.ru/item.asp?id=24909634 
942 |c CF